[Event "Leca da Palmeira op 2nd"]
[Site "Leca da Palmeira"]
[Date "2023.08.03"]
[Round "6"]
[White "Sri, Sai Baswanth P"]
[Black "Gaponenko, Inna"]
[Result "1/2-1/2"]
[WhiteElo "1902"]
[BlackElo "2336"]
[PlyCount "68"]
[EventDate "2023.07.31"]
[EventType "swiss"]
[EventRounds "9"]
[EventCountry "POR"]
[SourceTitle "CBM 215 Extra"]
[Source "ChessBase"]
[SourceDate "2023.09.30"]
[SourceVersion "1"]
[SourceVersionDate "2023.09.30"]
[SourceQuality "1"]

1. c4 Nf6 2. g3 g6 3. d4 Bg7 4. Bg2 0-0 5. Nc3 d6 6. Nf3 Nc6 7. d5 Na5 8. Nd2 c6 9. 0-0 cxd5 10. cxd5 Bd7 11. Nb3 Nc4 12. Nd4 Rc8 13. b3 Ne3 14. Bxe3 Rxc3 15. Qd2 Qc7 16. Rac1 Rc8 17. Rxc3 Qxc3 18. Qxc3 Rxc3 19. Rc1 Rxc1+ 20. Bxc1 Ne4 21. Bb2 Nc5 22. b4 Na6 23. a3 Nc7 24. Bc3 Bb5 25. e4 Bd3 26. f3 e6 27. dxe6 Nxe6 28. Nxe6 Bxc3 29. Nd8 Bd4+ 30. Kh1 Ba6 31. a4 Bb6 32. Nxf7 Kxf7 33. b5 Bxb5 34. axb5 a6 1/2-1/2

[Event "Hyderabad Singh Ji Memorial"]
[Site "Hyderabad"]
[Date "2023.01.13"]
[Round "8"]
[White "Sri, Sai Baswanth P"]
[Black "Deshmukh, Anup"]
[Result "1-0"]
[WhiteElo "1848"]
[BlackElo "2145"]
[PlyCount "83"]
[EventDate "2023.01.10"]
[EventType "swiss"]
[EventRounds "9"]
[EventCountry "IND"]
[SourceTitle "CBM 212 Extra"]
[Source "ChessBase"]
[SourceDate "2023.03.31"]
[SourceVersion "1"]
[SourceVersionDate "2023.03.31"]
[SourceQuality "1"]

1. c4 e6 2. g3 c5 3. Nf3 Nc6 4. Bg2 Nd4 5. Nc3 Nf6 6. 0-0 Be7 7. e3 Nxf3+ 8. Qxf3 0-0 9. d4 d6 10. b3 Rb8 11. Bb2 a6 12. dxc5 dxc5 13. Rfd1 Qc7 14. Ne4 e5 15. Rac1 Be6 16. h3 h6 17. g4 Nd7 18. Ng3 g6 19. Nf5 Bg5 20. h4 Bxf5 21. gxf5 Bxh4 22. Qg4 Bg5 23. fxg6 f5 24. Qg3 Rbe8 25. f4 Bf6 26. Rxd7 Qxd7 27. fxe5 Bg7 28. Bd5+ Kh8 29. Qf4 Re6 30. Bxe6 Qxe6 31. Rd1 Qxg6+ 32. Kf2 Qh5 33. Rd7 Rg8 34. Qg3 f4 35. exf4 Qf5 36. Rd2 Rf8 37. Ke3 b5 38. Rg2 Qf7 39. f5 Rg8 40. f6 bxc4 41. fxg7+ Kh7 42. Qg4 1-0

[Event "Hyderabad Singh Ji Memorial"]
[Site "Hyderabad"]
[Date "2023.01.12"]
[Round "6"]
[White "Bharat, Kumar Reddy Poluri"]
[Black "Sri, Sai Baswanth P"]
[Result "1-0"]
[WhiteElo "2243"]
[BlackElo "1848"]
[PlyCount "61"]
[EventDate "2023.01.10"]
[EventType "swiss"]
[EventRounds "9"]
[EventCountry "IND"]
[SourceTitle "CBM 212 Extra"]
[Source "ChessBase"]
[SourceDate "2023.03.31"]
[SourceVersion "1"]
[SourceVersionDate "2023.03.31"]
[SourceQuality "1"]

1. e4 d6 2. d4 Nf6 3. Nc3 e5 4. Nf3 Nbd7 5. Bc4 Be7 6. 0-0 0-0 7. a4 c6 8. Re1 h6 9. h3 Re8 10. a5 Qc7 11. d5 b5 12. axb6 Nxb6 13. Bb3 cxd5 14. exd5 Bd7 15. Be3 a5 16. Nd2 Bf8 17. Ra3 Qb7 18. Bxb6 Qxb6 19. Nc4 Qb4 20. Qd3 Rec8 21. Rea1 Rc5 22. Ne3 Nh5 23. Ba4 Qxb2 24. Ned1 Qb7 25. Rb3 Qa7 26. Bxd7 Nf4 27. Qe4 Qxd7 28. Na4 Rxd5 29. Ndc3 Qc6 30. Rb6 f5 31. Qxf4 1-0

[Event "Mumbai Wealth op 5th"]
[Site "Mumbai"]
[Date "2020.01.07"]
[Round "9"]
[White "Sri, Sai Baswanth P"]
[Black "Shailesh, Dravid"]
[Result "1-0"]
[WhiteElo "2027"]
[BlackElo "2311"]
[PlyCount "61"]
[EventDate "2019.12.30"]
[EventType "swiss"]
[EventRounds "9"]
[EventCountry "IND"]
[SourceTitle "CBM 194 Extra"]
[Source "ChessBase"]
[SourceDate "2020.03.31"]
[SourceVersion "1"]
[SourceVersionDate "2020.03.31"]
[SourceQuality "1"]

1. c4 Nf6 2. g3 e6 3. Bg2 c5 4. Nf3 Nc6 5. Nc3 Be7 6. d4 cxd4 7. Nxd4 0-0 8. 0-0 a6 9. e4 Nxd4 10. Qxd4 d6 11. Rd1 Qc7 12. b3 Rd8 13. Be3 Bd7 14. Qb6 Qxb6 15. Bxb6 Rf8 16. c5 Ne8 17. e5 d5 18. Bxd5 exd5 19. Nxd5 Bd8 20. Rd2 f6 21. Bxd8 Rxd8 22. Nb6 fxe5 23. Nxd7 Nf6 24. Rad1 Nxd7 25. Rxd7 Rxd7 26. Rxd7 Rc8 27. b4 a5 28. a3 axb4 29. axb4 Rb8 30. Kg2 e4 31. Kf1 1-0